| 000 | 00770nam a2200265 a 4500 | ||
|---|---|---|---|
| 008 | |||
| 020 | _a0323044255 (pbk.) | ||
| 049 | _aMAIN | ||
| 090 |
_aQM553 _bBUR |
||
| 100 | 1 | _aBurns, E. Robert. | |
| 245 | 1 | 0 |
_aHistology and cell biology / _cE. Robert Burns, M. Donald Cave. |
| 250 | _a2nd ed. | ||
| 260 |
_aPhiladephia : _bMosby, _cc2007. |
||
| 300 |
_a321 p. : _bcol ill. ; _c24 cm. |
||
| 440 | _aRapid review series. | ||
| 500 | _aIncludes index. | ||
| 650 |
_aCytology _xOutlines, syllabi, etc. |
||
| 650 | 1 |
_aHistology _xOutlines, syllabi, etc. |
|
| 700 | _aCave, M. Donald. | ||
| 907 |
_a.b1026923x _b09-10-09 _c09-10-09 |
||
| 003 | |||
| 005 | 20230123124955.0 | ||
| 040 | _cNUST | ||
| 942 |
_cBOOKS _kQM553 _mBUR |
||
| 999 |
_c133510 _d133510 |
||